000 00707nam a2200217Ia 4500
003 GCL
008 140319s9999 xx 000 0 ara d
040 _aGCL /
_cGCL
082 0 4 _a811.1
_bع م
100 1 _aعلى الجندى
245 1 0 _aالامير الجاهلى الشاعر امرؤ القيس الكندى: تحليل ودراسة لشعرة وشخصيتة /
_cعلى الجندى
260 _a[S.N] :
_bدار الفكر العربى ،
_c1988
300 _a320 ص
490 _a
650 0 4 _aالشعر العربى
650 0 4 _aالادب العربى
650 0 4 _aالعصر الجاهلى
650 0 4 _aتاريخ ونقد
650 0 4 _aامرؤ القيس
942 _2ddc
_cBK
999 _c32310
_d32310